000 00296nam a22001337a 4500
008 171004b xxu||||| |||| 00| 0 eng d
020 _a9781292021294
041 _aeng
080 _212TH
_a159.9
100 _a48
101 _aPSI
245 _aEDUCATIONAL PSYCHOLOGY
_cGATE.E
942 _2udc
_cBK
999 _c31815
_d31815